000 003090000a22000970004500
100 1 _aOConnell, Robert H.
245 1 0 _aIsaiah 14:4b-23 : Ironic reversal through concentric structure and mythic allusion
300 _aVol. 38, Num 4 (Octubre, 1988), Páginas 407-418
773 0 _tVetus Testamentum
942 _cANA
999 _c57438
_d57438